000 00922nas a2200277 4500
001 BR0704436
003 BR-BrBNA
005 20231205111335.0
007 ta
008 230509b bl.|||p| |||| 00| 00por d
040 _aBR-BrBNA
_bpor
_cBiblioteca Nacional de Agricultura
041 _a(En)
072 _aL10
100 1 _aThuller, R.H.C.
100 1 _aMalaspina, O.
100 1 _aBueno, O.C.
100 1 _aChaud Netto, J.
245 1 _aNumber of ovarioles in workers descendent from crossing between africanized and italian honeybees (Apis mellifera L.): comparing stock, inbred and F1 colonies
650 _aABELHA
650 _aCRUZAMENTO ANIMAL
650 _aABELHA AFRICANA
650 _aABELHA ITALIANA
773 0 _tAnais da Sociedade Entomológica do Brasil (Brazil)
_xISSN 0301-8059
_g(Dec 1996), v. 25(3) p.501-506
_wBR0704436
909 _a202311
_bLúcia
_c55
_dLúcia Elande
942 _2AGRIS
_n0
_cANA
999 _c192143
_d192143